<?xml version="1.0" encoding="utf-8"?>
<?xml-stylesheet type='text/xsl' href='./oai2.xsl'?>
<OAI-PMH xmlns="http://www.openarchives.org/OAI/2.0/" xmlns:xsi="http://www.w3.org/2001/XMLSchema-instance" xsi:schemaLocation="http://www.openarchives.org/OAI/2.0/ http://www.openarchives.org/OAI/2.0/OAI-PMH.xsd">
  <responseDate>2026-06-06T10:31:07Z</responseDate>
  <request verb="GetRecord" metadataPrefix="marcxml" identifier="record_kuniweb_22043">https://kulturerbe.niedersachsen.de/oai</request>
  <GetRecord>
    <record>
      <header>
        <identifier>record_kuniweb_22043</identifier>
        <datestamp>2015-06-19T12:07:43Z</datestamp>
        <setSpec>slg0103</setSpec>
      </header>
      <metadata>
        <marc:record xmlns:marc="http://www.loc.gov/MARC21/slim" xsi:schemaLocation="http://www.loc.gov/MARC21/slim http://www.loc.gov/standards/marcxml/schema/MARC21slim.xsd">
          <marc:leader>12345nem  22     uu 4500</marc:leader>
          <marc:controlfield tag="001">22043</marc:controlfield>
          <marc:controlfield tag="003">http://kuniweb.gbv.de</marc:controlfield>
          <marc:controlfield tag="005">2015-04-16T09:42:28</marc:controlfield>
          <marc:controlfield tag="008">|           ||||||||||||||||||||||</marc:controlfield>
          <marc:datafield tag="245" ind1="1" ind2="0">
            <marc:subfield code="a">Circulo di Westfalia diviso ne’ suoi Vescovadi, Principati, Contée, &amp;c.</marc:subfield>
          </marc:datafield>
          <marc:datafield tag="700" ind1="1" ind2=" ">
            <marc:subfield code="a">Delisle</marc:subfield>
            <marc:subfield code="d">† 1675 - 1726</marc:subfield>
            <marc:subfield code="e">Vorbild / Ideengeber</marc:subfield>
          </marc:datafield>
          <marc:datafield tag="655" ind1=" " ind2="7">
            <marc:subfield code="a">Karten</marc:subfield>
          </marc:datafield>
          <marc:datafield tag="046" ind1=" " ind2=" ">
            <marc:subfield code="k">1720</marc:subfield>
            <marc:subfield code="k">Entstehung im Zeitraum 1720 bis 1744</marc:subfield>
            <marc:subfield code="l">1744</marc:subfield>
          </marc:datafield>
          <marc:datafield tag="260" ind1=" " ind2=" ">
            <marc:subfield code="g">1720</marc:subfield>
            <marc:subfield code="g">1744</marc:subfield>
            <marc:subfield code="g">Entstehung im Zeitraum 1720 bis 1744</marc:subfield>
          </marc:datafield>
          <marc:datafield tag="300" ind1=" " ind2=" ">
            <marc:subfield code="a">Höhe: 27,5 cm
Breite: 33 cm</marc:subfield>
          </marc:datafield>
          <marc:datafield tag="520" ind1=" " ind2=" ">
            <marc:subfield code="a">Maßstäbe (in cm): 15 deutsche Meilen zu 15 auf einen Grad = 60 englische Meilen zu 60 auf einen Grad = 20 französische Meilen oder Wegstunden = 7,8
Ausrichtung: Norden
Rückseite: handschriftliche Numerierung 30

Anmerkungen: 
Auf der Karte sind bei zahlreichen Territorien die Landesherren genannt, allerdings bei Bremen und Verden nicht (mehr) Schweden und bei Ostfriesland (noch) nicht Preußen. Das Blatt zeigt demnach einen Stand zwischen 1720 (Bremen und Verden an Hannover) und 1744 (Ostfrieland an Preußen). – Der genannte italienische Atlas enthält eine ausdrückliche Bezugnahme auf die Veröffentlichung von Isaak Tirion in Amsterdam.

Veröffentlicht in:
unter dem Titel „Nuova Carta del Circulo di Westfalia ...“ im „Atlante Novissimo del Sigr Guglielmo de l’Isle“, Band 1, bei Giambatista Albrizzi, Venedig 1740 oder 1750

Literatur in Zusammenhang:
C. Koeman and Homan, H. J., “Merula - Zeegers. Atlantes Neerlandici ; Vol. 3”. Theatrum Orbis Terrarum, Amsterdam, 1969. (S. 126 f. Tir 1)

Literatur in Zusammenhang:
I. Tirion, “Nieuwe en beknopte hand-atlas : bestaande in eene verzameling van eenige der algemeenste en nodigste landkaarten; alle in de Nederduitsche taal en na de alderlaatste ontdekkingen van de L'Isle en anderen opgestelt”. I. Tirion, Amsterdam, 1744. (Vorlage)</marc:subfield>
          </marc:datafield>
          <marc:datafield tag="650" ind1="1" ind2=" ">
            <marc:subfield code="a">Landkarte</marc:subfield>
          </marc:datafield>
          <marc:datafield tag="773" ind1="0" ind2=" ">
            <marc:subfield code="t">Sammlung Körber-Einbeck</marc:subfield>
          </marc:datafield>
          <marc:datafield tag="852" ind1=" " ind2=" ">
            <marc:subfield code="a">Institut für Historische Landesforschung der Universität Göttingen</marc:subfield>
          </marc:datafield>
          <marc:datafield tag="" ind1=" " ind2=" ">
            <marc:subfield code="a">Namensnennung-Nicht kommerziell 4.0 International (CC BY-NC 4.0))</marc:subfield>
          </marc:datafield>
        </marc:record>
      </metadata>
    </record>
  </GetRecord>
</OAI-PMH>
